000 00317nam a2200133Ia 4500
008 220204s9999 xx 000 0 und d
082 _a070.41
_bBUT
100 _aButcher, Judith
245 0 _aCopy editing
250 _aEd.2
260 _aLondon
_bCambridge University
_c1983
650 _aCopy editing
942 _cBK
999 _c38064
_d38064